MLB Cy Young Winners (1990-2023) - Statistics

General Stats
  • This quiz has been taken 56 times
    20 since last reset
  • The average score is 50 of 68
Answer Stats
Year American League Cy Young % Correct
2014 Clayton Kershaw
100%
2013 Clayton Kershaw
100%
2011 Clayton Kershaw
100%
1995 Randy Johnson
100%
2002 Randy Johnson
100%
2001 Randy Johnson
100%
2000 Randy Johnson
100%
1999 Randy Johnson
100%
1995 Greg Maddux
95%
1994 Greg Maddux
95%
1993 Greg Maddux
95%
1992 Greg Maddux
95%
2022 Justin Verlander
95%
2019 Justin Verlander
95%
2011 Justin Verlander
95%
2001 Roger Clemens
95%
1998 Roger Clemens
95%
1997 Roger Clemens
95%
1991 Roger Clemens
95%
2004 Roger Clemens
95%
2013 Max Scherzer
89%
2017 Max Scherzer
89%
2016 Max Scherzer
89%
2017 Corey Kluber
84%
2014 Corey Kluber
84%
2023 Gerrit Cole
84%
1996 John Smoltz
84%
2000 Pedro Martinez
84%
1999 Pedro Martinez
84%
1997 Pedro Martinez
84%
1998 Tom Glavine
84%
1991 Tom Glavine
84%
2015 Jake Arrieta
79%
2020 Shane Bieber
79%
2018 Blake Snell
74%
2023 Blake Snell
74%
2019 Jacob deGrom
74%
2018 Jacob deGrom
74%
2009 Tim Lincecum
74%
2008 Tim Lincecum
74%
2020 Trevor Bauer
74%
2007 CC Sabathia
68%
2006 Johan Santana
68%
2004 Johan Santana
68%
2009 Zack Greinke
68%
2008 Cliff Lee
63%
2021 Corbin Burnes
63%
2003 Roy Halladay
63%
2010 Roy Halladay
63%
2002 Barry Zito
58%
2003 Eric Gagne
58%
2016 Rick Porcello
58%
2022 Sandy Alcantara
58%
2012 David Price
53%
2012 R.A. Dickey
53%
2005 Chris Carpenter
47%
1994 David Cone
47%
2010 Felix Hernandez
47%
2007 Jake Peavy
47%
1990 Bob Welch
42%
2006 Brandon Webb
42%
2015 Dallas Keuchel
42%
1990 Doug Drabek
42%
1993 Jack McDowell
42%
2021 Robbie Ray
42%
2005 Bartolo Colon
37%
1992 Dennis Eckersley
32%
1996 Pat Hentgen
32%
No matching quizzes found
Score Distribution
Percent of People with Each Score
Percentile by Number Answered
Your Score History
You have not taken this quiz since the last reset